La creación de la empresa propia (Record no. 11605)

MARC details
000 -LEADER
campo de control de longitud fija 01089nam a22003015i 4500
001 - NÚMERO DE CONTROL
campo de control 11605
003 - IDENTIFICADOR DE NÚMERO DE CONTROL
campo de control ES-MaACL
005 - FECHA Y HORA DE LA ÚLTIMA TRANSACCIÓN
campo de control 20250902080603.0
007 - CAMPO FIJO DE DESCRIPCIÓN FÍSICA--INFORMACIÓN GENERAL
campo de control de longitud fija t|
008 - DATOS DE LONGITUD FIJA--INFORMACIÓN GENERAL
campo de control de longitud fija 950427s1994 sp ||||0| spa d
020 ## - NÚMERO INTERNACIONAL ESTÁNDAR DEL LIBRO
Número Internacional Estándar del Libro 84-481-1818-9
040 ## - FUENTE DE CATALOGACIÓN
Centro catalogador/agencia de origen M-BN
Lengua de catalogación spa
Centro/agencia transcriptor M-BN
080 ## - NÚMERO DE LA CLASIFICACIÓN DECIMAL UNIVERSAL
Número de la Clasificación Decimal Universal 658.016.1(460)
080 ## - NÚMERO DE LA CLASIFICACIÓN DECIMAL UNIVERSAL
Número de la Clasificación Decimal Universal 347.72.028.5(460)
100 1# - ENTRADA PRINCIPAL--NOMBRE DE PERSONA
Nombre de persona Bermejo Casado, José Manuel.
9 (RLIN) 28099
245 13 - MENCIÓN DEL TÍTULO
Título La creación de la empresa propia
Resto del título : consejos prácticos para su puesta en marcha con éxito /
Mención de responsabilidad, etc. Manuel Bermejo, Isabel Rubio, Ignacio de la Vega ; prólogo, Luciano Benetton.
260 ## - PUBLICACIÓN, DISTRIBUCIÓN, ETC.
Lugar de publicación, distribución, etc. Madrid :
Nombre del editor, distribuidor, etc. McGraw-Hill, Interamericana de España,
Fecha de publicación, distribución, etc. D.L. 1994.
300 ## - DESCRIPCIÓN FÍSICA
Extensión VIII, 208 p ;
Dimensiones 24 cm.
490 1# - MENCIÓN DE SERIE
Mención de serie Serie McGraw-Hill de management
504 ## - NOTA DE BIBLIOGRAFÍA, ETC.
Nota de bibliografía, etc. Bibliografía: p. 209.
650 17 - PUNTO DE ACCESO ADICIONAL DE MATERIA--TÉRMINO DE MATERIA
Término de materia o nombre geográfico como elemento de entrada Nuevas empresas-
Subdivisión geográfica España
Fuente del encabezamiento o término embne
9 (RLIN) 15643
700 1# - ENTRADA AGREGADA--NOMBRE PERSONAL
Nombre de persona Rubio, Isabel.
9 (RLIN) 100346
700 1# - ENTRADA AGREGADA--NOMBRE PERSONAL
Nombre de persona Vega, Ignacio de la.
9 (RLIN) 113549
700 1# - ENTRADA AGREGADA--NOMBRE PERSONAL
Nombre de persona Benetton, Luciano.
9 (RLIN) 27553
830 0# - PUNTO DE ACCESO ADICIONAL DE SERIE-TÍTULO UNIFORME
Título uniforme Serie McGraw-Hill de management
9 (RLIN) 228200
852 ## - LOCALIZACIÓN
Ubicación ES-MaACL
Número de control de estantería L-18983
Sublocalización o colección R.124726
Holdings
Estatus retirado Estado de pérdida Estado de daño No para préstamo Biblioteca de origen Biblioteca actual Ubicación en estantería Fecha de adquisición Fuente de adquisición Total de préstamos Signatura topográfica completa Código de barras Visto por última vez Precio de reemplazo Tipo de ítem Koha
        Biblioteca del Ateneo de Madrid Biblioteca del Ateneo de Madrid Depósito 2 17/01/2008     L-18983 1011829 23/02/2023 23/02/2023 Libro impreso